00389 a2200109 4500001001000000005001700010008004100027245010100068100002500169773006800194999001700262ART_6021820260410161812.0260409a 10aReflexiones en torno a las reformas introducidas por el decreto 70/2023 en materia de sociedades1 aCamerini, Marcelo A.0 tDoctrina Societaria y Concursalg- N° 434 (ene. 2024)wREV4298 c21601d21601